Jenufa (Record no. 170145)

MARC details
000 -LEADER
campo de control de longitud fija 00778nam a22001935i 4500
001 - NÚMERO DE CONTROL
campo de control 170145
003 - IDENTIFICADOR DE NÚMERO DE CONTROL
campo de control ES-MaACL
005 - FECHA Y HORA DE LA ÚLTIMA TRANSACCIÓN
campo de control 20230906214311.0
008 - DATOS DE LONGITUD FIJA--INFORMACIÓN GENERAL
campo de control de longitud fija 090205s1980 fr |||| | fre d
080 ## - NÚMERO DE LA CLASIFICACIÓN DECIMAL UNIVERSAL
Número de la Clasificación Decimal Universal 782.1
100 1# - ENTRADA PRINCIPAL--NOMBRE DE PERSONA
Nombre de persona Janácek, Leôs.
9 (RLIN) 138056
245 10 - MENCIÓN DEL TÍTULO
Título Jenufa
Resto del título : opéra en trois actes /
Mención de responsabilidad, etc. musique de Leos Janácek (1854-1928) ; texte original du compositeur d'après un récit de Gabrielle Preissova ; version française de Georges-Andre Block.
260 ## - PUBLICACIÓN, DISTRIBUCIÓN, ETC.
Lugar de publicación, distribución, etc. Paris :
Nombre del editor, distribuidor, etc. Gérard Billaudot,
Fecha de publicación, distribución, etc. [1980]
300 ## - DESCRIPCIÓN FÍSICA
Extensión 49 p. ;
Dimensiones 18 cm.
650 #4 - PUNTO DE ACCESO ADICIONAL DE MATERIA--TÉRMINO DE MATERIA
Término de materia o nombre geográfico como elemento de entrada Óperas-
Subdivisión de forma Libretos.
9 (RLIN) 137584
700 1# - ENTRADA AGREGADA--NOMBRE PERSONAL
Nombre de persona Preissová, Gabriela Jeji Pastorkyna.
9 (RLIN) 139359
700 1# - ENTRADA AGREGADA--NOMBRE PERSONAL
Nombre de persona Block, Georges-Andre.
9 (RLIN) 139360
852 ## - LOCALIZACIÓN
Ubicación ES-MaACL
Número de control de estantería 2246-F-7
itemnumber R.140995
Nota libre .- Biblioteca Jacinto Martínez Lacalle
Holdings
Estatus retirado Estado de pérdida Estado de daño No para préstamo Colección Biblioteca de origen Biblioteca actual Ubicación en estantería Fecha de adquisición Fuente de adquisición Total de préstamos Signatura topográfica completa Código de barras Visto por última vez Precio de reemplazo Tipo de ítem Koha
        Colección de folletos Biblioteca del Ateneo de Madrid Biblioteca del Ateneo de Madrid Depósito folletos 05/02/2009     2246-F-7 1178630 23/02/2023 23/02/2023 Folleto